000 00548nam a22001697a 4500
003 OSt
005 20260130080207.0
008 260121b |||||||| |||| 00| 0 eng d
040 _aDWCL GS library
_cOC
082 _aFic. Ar658a 2002
100 _aChoudhury, Bani Roy
245 _aali baba and the forty thieves
_bfrom arabian nights
260 _aplace of publication not identified
_bNew Dawn Press Group
_cc2005
300 _a48
_billustrations
_c25cm
700 _aBani Roy Choudhury
942 _2ddc
_cFIC.
_hFic. Ar658a
_n0
999 _c7623
_d7623